00307cam a22001097a 4500008004000000082001500040245006400055260002800119300001000147650002000157700002000177180718b1959 xxu||||| |||| 00| 0 eng d aP8x42 R213 aTrends in english adult educationcedited by S. G. Raybould aLondonbHeinemannc1959 a258p. aAdult education aRaybould, S. G.